1, 2 oder 3 (Fußball Edition) - Statistiken

Allgemein
  • Dieses Quiz wurde 329 mal gespielt
  • Das Durchschnittsergebnis liegt bei 9 aus 15
Antwortstatistiken
Frage Antwort % Korrekt
Wie viele Mittelfeldspieler gibt es bei der Formation 4-3-3?
90%
Wie viele Tore schoss Brasilien im WM Halbfinale 2014?
82%
Bei wie vielen deutschen Vereinen spielte Kevin de Bruyne?
72%
Bei wie vielen deutschen Profivereinen spielte Lukas Podolski?
70%
Wie viele WM Titel hat Pele?
67%
Wie viele Weltmeisterschaften gewann Argentinien?
64%
Wie oft gewann Zlatan Ibrahimović die spanische Meisterschaft?
60%
Wie viele rote Karten sah Toni Kroos?
59%
Wie oft gewann Juventus Turin die Serie B?
59%
Wie oft wurde Spanien Weltmeister?
57%
Mit wie vielen unterschiedlichen Vereinen gewann Clarence Seedorf die Champions League?
57%
Wie viele Deutsche gewannen den Ballon d‘Or nach 1989?
54%
Wie viele Gegentore kassierte Deutschland in der Gruppenphase der WM 2014?
49%
Wie viele glatt rote Karten hat Iker Casillas?
33%
Wie oft stand Deutschland zwischen 1982 und 1990 im WM Finale?
22%
Keine übereinstimmenden Quizze gefunden
Verteilung der Resultate
Anzahl Personen mit jedem Resultat
Perzentil nach korrekt beantworteten Fragen
Ihre Resultats-Entwicklung
Sie haben dieses Quiz noch nicht gespielt